000 00658nam a2200265 a 4500
003 AR-BaBNM
005 20251128205159.0
008 082120s2002 ||||||||||||||000 | spa||
020 _a950-21-0703-9
040 _cAR-BaBNM
100 1 _aMartín, Susana
245 0 0 _aUna chica y un muchacho
250 _a5ª ed.
260 _aBuenos Aires
_bPlus Ultra
_c1995
300 _a115 p.
490 0 _aLiteratura juvenil
_vv. 11
650 4 _aLITERATURA ARGENTINA
650 4 _aHISTORIAS DE AMOR
650 4 _aLITERATURA INFANTIL
650 4 _aLIBROS PARA NIÑOS
653 _aNARRATIVA
655 _aLITERATURA
942 _cBK
998 _cMARTIN
999 _c10332
_d10332